000
00303nam a22001337a 4500
008
171124b xxu||||| |||| 00| 0 eng d
020
_a
9780309065719
041
_a
eng
080
_a
316
100
_a
50
101
_a
soc
245
_a
PATHOLOGICAL GAMBLING
_c
NATIONAL ACADEMY PRESS
942
_2
udc
_c
BK
999
_c
38486
_d
38486